000 01057cad a22002295a 4500
001 E148208
008 090819s2009 xxk f s000 0 eng d
020 _a9780755976232
035 _a(Sirsi) u148208
041 0 _aeng
050 0 4 _a711.558 $2 18
110 2 _aScotland
_bScottish Government
_95344
245 0 0 _aNational parks strategic review recommendations
_bconsultation report
_h[electronic resource]
260 _aEdinbugh
_bScottish Government
_c2009
520 _aOutlines the decisions made by the Scottish Government following a consultation on the key findings of the National Parks Review (see E145974 and E148207) and sets out proposed actions to implement the recommendations of the Review.
521 _aAdvanced
590 _aKA
651 4 _aScotland
_y1999-
690 _aENVIRONMENTAL AND LAND CONSULTANCY-ENVIRONMENTAL MANAGEMENT-ENVIRONMENTAL CONSERVATION-LANDSCAPE CONSERVATION
856 4 0 _uhttps://www.scotland.gov.uk/Publications/2009/08/17105408/0
_zView the report free of charge at www.scotland.gov.uk...
942 _n0
999 _c109951
_d109951